000 00580nam a22001817a 4500
005 20170613123530.0
008 170613b xxu||||| |||| 00| 0 eng d
020 _a9789814392099
020 _a981439209X
050 _aLC 3993.22
_b.T673p1B 2012
110 _aConfucius Institute
245 _aTop Chinese enrichment programme 1B (primary) /
_cConfucius Institute
260 _aSingapore :
_bCengage Learning Asia Pte Ltd,
_cc2012
300 _a129 p. :
_billustrations ;
_c26 cm.
650 _aChinese language
_vStudy and teachings
942 _2lcc
_cBK
999 _c335216
_d335216